000 00662cam a22002053a 4500
001 39385
003 PGUSA
005 20140828083857.0
008 120406s2012||||xxu|||||s|||||000 | eng d
040 _aPGUSA
_beng
042 _adc
100 1 _aJohnston, Annie F.
_q(Annie Fellows),
_d1863-1931
245 1 4 _aThe Jester's Sword :
_bHow Aldebaran, the King's Son Wore the Sheathed Sword of Conquest
_h[electronic resource] /
_cAnnie F. Johnston
260 _bProject Gutenberg,
_c2012
506 _aPublic domain in the USA.
516 _aElectronic text
830 0 _aProject Gutenberg
_v39385
856 4 0 _uhttp://www.gutenberg.org/ebooks/39385
942 _cEB
999 _c268638
_d268638